Test Bank to Accompany Managerial Accounting Concepts for Planning, Control, Decision Making
Gespeichert in:
| Format: | Buch |
|---|---|
| Sprache: | Englisch |
| Veröffentlicht: |
Plano
Business Publ.
1988
|
| Ausgabe: | 5. ed. |
| Schlagworte: | |
| Tags: |
Keine Tags, Fügen Sie das erste Tag hinzu!
|
MARC
| LEADER | 00000nam a2200000 4500 | ||
|---|---|---|---|
| 001 | c009851 | ||
| 005 | 20221219121239.8 | ||
| 020 | |a 0-256-06556-X | ||
| 041 | 0 | |a eng | |
| 044 | |a US | ||
| 245 | 1 | 0 | |a Test Bank to Accompany Managerial Accounting |b Concepts for Planning, Control, Decision Making |
| 250 | |a 5. ed. | ||
| 264 | 1 | |a Plano |b Business Publ. |c 1988 | |
| 300 | |a 253 s. | ||
| 610 | 2 | 0 | |a účtovníctvo |
| 610 | 2 | 0 | |a manažment |
| 610 | 2 | 0 | |a riadenie |
| 610 | 2 | 0 | |a plánovanie |
| 610 | 2 | 0 | |a procesy rozhodovacie |
| 610 | 2 | 0 | |a kontrola finančná |
| 610 | 2 | 0 | |a testy |